| 000 | 01035cab a2200289 4500 | ||
|---|---|---|---|
| 001 | ABS48706 | ||
| 008 | 090401t1993 xxu||||| |||| 00| 0 eng d | ||
| 035 | _a(Sirsi) u68186 | ||
| 041 | _aeng | ||
| 100 | _aJewkes, P. | ||
| 245 | _aProtecting the historic built environment | ||
| 260 | _c1993 | ||
| 350 | _a0 | ||
| 490 |
_aJournal of Planning and Environment Law _vMay 1993, 417-422(6) |
||
| 520 | _aChallenges the assumption that listed and historic buildings receive adequate protection from development pressures. Critically examines legislation designed to protect these buildings. Illustrated with examples. | ||
| 650 | _aANCIENT MONUMENTS AND ARCHAEOLOGICAL AREAS ACT 1979 | ||
| 650 | _aENGLISH HERITAGE | ||
| 650 | _aLISTED BUILDINGS | ||
| 650 | _aMONUMENTS PROTECTION PROGRAMME | ||
| 650 | _aPLANNING (LISTED BUILDINGS AND CONSERVATION AREAS) ACT 1990 | ||
| 650 | _aPPG16 | ||
| 650 | _aROSE THEATRE | ||
| 650 | _aTHREE GRACES | ||
| 690 | _aPLANNING LAW AND PRACTICE | ||
| 942 | _n0 | ||
| 948 | _c04/03/1997 | ||
| 999 |
_c42758 _d42758 |
||